000
00371nam a2200145Ia 4500
003
GCL
008
140319s9999 xx 000 0 ara d
040
_a
GCL /
_c
GCL
082
0
4
_a
811
_b
م ش
245
1
0
_a
شرح ديوان الشريف الرضى
490
_a
كتاب
_v
0
650
0
4
_a
الشعر العربى
650
0
4
_a
دواوين وقصائد
942
_2
ddc
_c
BK
999
_c
41800
_d
41800